Štyridsať rokov nás delí... /inc./

Bibliographic Details
Format: Article
Language:Slovak
Subjects:

MARC

LEADER 00000nab a2200000 a 4500
001 vtls000306461
003 SK-MaSNL
005 20260304181415.0
008 230302c1988 xo 0 slo
015 |a SNBRB19rr/mm-uuuuu 
035 |a CL0316580 
035 |a urn:nbn:sk:snk-abemfo 
035 |a (urnnbn)urn:nbn:sk:snk:ar-0006e6 
035 |a (uuid)b50d33f1-a5f7-4dc2-b6c8-f9ec1e1839c7 
040 |a SNKBUCL  |b slo  |c SNKBUCL  |e AACR2 
041 0 |a slo 
044 |a xo  |c SK 
080 |a 82:028  |2 1981 
080 |a 028  |2 1981 
080 |a 885.4  |2 1981 
245 0 0 |a Štyridsať rokov nás delí... /inc./ 
500 |a Pod spoločným názvom a 40. 
650 0 7 |a slovenská literatúra  |2 snkbucl  |9 1115 
655 7 |a články z novín a časopisov  |2 snkbucl  |9 267496 
655 7 |a články z odboru literárna veda a krásna literatúra  |2 snkbucl  |9 770045 
773 0 |t Slovenské pohľady  |g Roč. 104, č. 2 (1988), s. 64-70 
850 |a Slovenská národná knižnica v Martine  |a MTA001 
852 |a SNK  |b KIS3GCP 
958 |a RK 
958 |a LX 
958 |a OND 
958 |a EUIPO 
958 |a article27 
992 |a RBX 
999 |c 3023821  |d 3025751